| 000 | 00610nam a2200181Ia 4500 | ||
|---|---|---|---|
| 005 | 20250423100342.0 | ||
| 008 | 250422s9999 xx 000 0 und d | ||
| 020 | _a9789780321116 | ||
| 050 | _aP 87.5 .N54/ | ||
| 100 | _aEdited by Oshiotse A. Okwilagwe | ||
| 245 | 0 | _aNigeriana Stirling-Horden Encylopaedia of mass media & communication: historical and theoretical perspectives (Vol 2) | |
| 260 | _aIbadan | ||
| 260 | _bStirling-Horden Publishers Ltd. | ||
| 260 | _c2010 | ||
| 300 | _a433 p | ||
| 650 | _aCommunication--Encyclopedias. Mass media--Encyclopedias. Semiotics--Encyclopedias. | ||
| 942 | _cBK | ||
| 999 |
_c33046 _d33046 |
||